Vracení daně plátcům v jiných členských státech

Zákon o DPH v Česku a problematika vrátenia dane platcom v iných členských krajinách. Nárok na vrátenie DPH v inej členskej krajine prostredníctvom elektronického portálu českej daňovej správy. Požiadavky členských krajín k vráteniu dane.

Enregistré dans:
Détails bibliographiques
Auteur principal: Kuneš, Zdeněk
Format: Chapitre de livre
Langue:tchèque
Sujets:
Tags: Ajouter un tag
Pas de tags, Soyez le premier à ajouter un tag!

MARC

LEADER 00000naa a2200000 4500
001 0125456
005 20230925094407.4
041 0 |a cze 
044 |a CZ 
245 1 0 |a Vracení daně plátcům v jiných členských státech  |c Zdeněk Kuneš 
520 |a Zákon o DPH v Česku a problematika vrátenia dane platcom v iných členských krajinách. Nárok na vrátenie DPH v inej členskej krajine prostredníctvom elektronického portálu českej daňovej správy. Požiadavky členských krajín k vráteniu dane. 
610 2 0 |a Česko 
610 2 0 |a dane z hodnoty pridanej 
610 2 0 |a odpočet dane 
610 2 0 |a správa daňová 
610 2 0 |a doklady daňové 
610 2 0 |a vyrovnanie daňové 
610 2 0 |a komunikácia elektronická 
610 2 0 |a zákony 
610 2 0 |a Európska únia 
100 1 |a Kuneš, Zdeněk